| 000 | 00365nam a22001457a 4500 | ||
|---|---|---|---|
| 999 |
_c23893 _d23893 |
||
| 003 | NUST | ||
| 008 | 140424b xxu||||| |||| 00| 0 eng d | ||
| 020 | _cAvailable | ||
| 038 | _aNusrat Nadeem | ||
| 082 | _a005.82 MAO | ||
| 100 |
_aMao,Wenbo _921438 |
||
| 245 |
_aModern Cryptography Theory & Practice _cMao,Wenbo |
||
| 538 | _iSupercomputing Lab | ||
| 942 |
_2ddc _cBK |
||